MARC details
| 000 -LEADER |
| campo de control de longitud fija |
01531cac a2200253 a 4500 |
| 003 - IDENTIFICADOR DE NÚMERO DE CONTROL |
| campo de control |
CO-PeBPM |
| 005 - FECHA Y HORA DE LA ÚLTIMA TRANSACCIÓN |
| campo de control |
20251127123325.0 |
| 008 - DATOS DE LONGITUD FIJA--INFORMACIÓN GENERAL |
| campo de control de longitud fija |
231129s1995||||ck ||||||||||||| ||spa|| |
| 020 ## - NÚMERO INTERNACIONAL ESTÁNDAR DEL LIBRO |
| Número Internacional Estándar del Libro |
0881131881 |
| 040 ## - FUENTE DE CATALOGACIÓN |
| Centro catalogador/agencia de origen |
CO-PeBPM |
| Lengua de catalogación |
spa |
| Centro/agencia transcriptor |
CO-PeBPM |
| Normas de descripción |
rda |
| 041 ## - CÓDIGO DE IDIOMA |
| Código de lengua del texto/banda sonora o título independiente |
spa |
| 082 04 - NÚMERO DE LA CLASIFICACIÓN DECIMAL DEWEY |
| Número de clasificación |
158.1 F785j |
| Número de edición |
22 |
| 100 1# - ENTRADA PRINCIPAL--NOMBRE DE PERSONA |
| Nombre de persona |
Fowler, Richard |
| Término indicativo de función/relación |
autor |
| 245 10 - MENCIÓN DEL TÍTULO |
| Título |
Juntos en la cuerda floja |
| Resto del título |
: Cómo mantener el equilibrio en nuestras relaciones con los demás cuando la vida nos ha desestabilizado |
| Mención de responsabilidad, etc. |
/ Richard Fowler y Rita Schweitz; traductor Miguel A. Mesías |
| 260 ## - PUBLICACIÓN, DISTRIBUCIÓN, ETC. |
| Lugar de publicación, distribución, etc. |
EE.UU |
| Nombre del editor, distribuidor, etc. |
: Betania |
| Fecha de publicación, distribución, etc. |
, c1995 |
| 300 ## - DESCRIPCIÓN FÍSICA |
| Extensión |
253 páginas |
| Dimensiones |
20 centimetros |
| 490 ## - MENCIÓN DE SERIE |
| Mención de serie |
Minirth - Meier |
| 500 ## - NOTA GENERAL |
| Nota general |
Incluye índice |
| 520 ## - RESUMEN, ETC. |
| Sumario, etc. |
Es posible conservar la estabilidad en medio de una crisis? Cómo enfrentar las tensiones causadas por los descalabros financieros, los cambios de trabajo o vivienda, o la atención de los hijos sin que nadie nos ayude? Cómo superar las secuelas de un divorcio, o la perdida de un trabajo, que conspiran contra nuestra capacidad de mantener buenas relaciones con la familia y los amigos? Cómo vencer la crisis ocasionada por la muerte o la enfermedad de un ser querido? Estas cosas pueden ejercer presiones tremendas sobre sus relaciones con los amigos y la familia, y hasta amenazarlas seriamente cuando m s necesidad tiene de su apoyo y amor. |
| 650 14 - PUNTO DE ACCESO ADICIONAL DE MATERIA--TÉRMINO DE MATERIA |
| Término de materia o nombre geográfico como elemento de entrada |
Relaciones personales |
| Fuente del encabezamiento o término |
LEMB |
| 650 14 - PUNTO DE ACCESO ADICIONAL DE MATERIA--TÉRMINO DE MATERIA |
| Término de materia o nombre geográfico como elemento de entrada |
Emociones |
| Fuente del encabezamiento o término |
LEMB |
| 700 1# - ENTRADA AGREGADA--NOMBRE PERSONAL |
| Nombre de persona |
Mesías, Miguel A. |
| Término indicativo de función/relación |
traductor |
| 942 ## - ELEMENTOS DE ENTRADA SECUNDARIOS (KOHA) |
| Fuente del sistema de clasificación o colocación |
Clasificación Decimal Dewey |
| Tipo de ítem Koha |
Libros |